Why Does This Quiz Have So Many Takes? - Statistics

General Stats
  • This quiz has been taken 65 times
  • The average score is 5 of 17
Answer Stats
# Question The Answer % Correct
?
100%
42 42
65%
What's the answer to this next question? What is the Answer to Life, the Universe and Everything? 42 Again
65%
1 Why Does This Quiz Have So Many Takes? Why
28%
5 Quiz
26%
3 This
26%
2 Does
24%
6 Have
24%
9 Many
24%
78 So
24%
Takes
24%
the
19%
Universe
17%
and
15%
Life
15%
Everything
13%
Hey! Thanks for playing. Sure. You're Welcome.
7%
No matching quizzes found
Score Distribution
Percent of People with Each Score
Percentile by Number Answered
Your Score History
You have not taken this quiz